000 00258nam a2200109Ia 4500
008 200302s9999 xx 000 0 und d
100 _aKenneth P. Davis
245 _aLand Use
260 _bTata Mcgraw-Hill Publishing Co.
260 _c1976
300 _a324 P.,
999 _c5237
_d5237